| 000 | 01039 a2200193 4500 | ||
|---|---|---|---|
| 003 | Nust | ||
| 005 | 20230504133537.0 | ||
| 020 | _a0064651290 | ||
| 040 | _cNust | ||
| 082 | _a641.35,CEL | ||
| 100 |
_aCelebrity Kitchen _9112125 |
||
| 245 |
_aA complete guide to enjoying fresh furits and vegetables : _bthe fresh and fruit and vegetable book / _cCelebrity Kitchen |
||
| 260 |
_aU.S.A _bHarper & Row _c1980 |
||
| 300 |
_a320 p _billus _c18 cm |
||
| 505 | _aFruits Delicious and Nutritious (Page-7), Dieting and Fresh Fruits and Vegetables (Page-9), Organic Foods in there a Difference (Page-11), how to Cook Fresh Fruit (Page-14), Fresh Fruit Salads (Page-15), Fresh Fruit Refrigerator Ice Creams and Sauces (Page-22), All you need to know about fresh fruits (Page-24), Vegetables (Page-141), Boiling guide for Fresh Vegetables (Page-144), Salads (Page-153). | ||
| 600 |
_aCelebrity Kitchen _9112125 |
||
| 650 |
_aA complete guide to enjoying fresh furits and vegetables the fresh and fruit and vegetable book _9112126 |
||
| 942 |
_2ddc _cBK |
||
| 999 |
_c184068 _d184068 |
||